The Secular Conscience. Why Belief Belongs in Public Life.

Uloženo v:
Podrobná bibliografie
Hlavní autor: Dacey, Austin (Autor)
Médium: Kniha
Jazyk:angličtina
Vydáno: New York, USA: Prometheus Books, 2008.
Témata:
Tagy: Přidat tag
Žádné tagy, Buďte první, kdo vytvoří štítek k tomuto záznamu!

MARC

LEADER 00000nam a22000007a 4500
003 CL-VaPUC
005 20231106130750.0
008 231102t2008 ||||| |||| 00| 0 eng d
999 |c 442239  |d 442237 
020 |a 978-1-59102-604-4 
040 |c Pontificia Universidad Católica de Valparaíso 
082 |2 22  |a 211.6 DAC 2008 
100 |9 885481  |a Dacey, Austin  |e author 
245 |a The Secular Conscience.  |b Why Belief Belongs in Public Life. 
260 |a New York, USA:  |b Prometheus Books,  |c 2008. 
300 |a 209 páginas. 
500 |a c.1 Donación Sr. Jorge Precht Pizarro. 26-05-23. Biblioteca Teología. 
583 |c 20231102  |k Yessy Sthefany Diaz Vidal 
650 0 |9 401960  |a Secularismo   |v Análisis crítico  
650 0 |9 265211  |a Religiones  |x Crítica e interpretación  |x Aspectos políticos y científicos  
650 0 |9 876233  |a Creencia en Dios   |x Aspectos éticos y espirituales 
942 |2 ddc  |c BK 
952 |0 0  |1 0  |2 ddc  |4 0  |6 211_600000000000000_DAC_2008  |7 0  |8 A  |9 592229  |a BIBTEO  |b BIBTEO  |c GEN  |d 2023-11-02  |e Donación   |i 5659222  |o 211.6 DAC 2008  |p 5659222  |r 2025-01-17  |t 1  |w 2023-11-02  |y BK  |k ICR